| 000 | 01274nam a2200241Ia 4500 | ||
|---|---|---|---|
| 999 |
_c39782 _d39782 |
||
| 001 | 6387 | ||
| 003 | GE_BSU | ||
| 005 | 20191210102157.0 | ||
| 008 | 181216s2007||||ge |||||||||||||| ||geo|| | ||
| 020 | _a9789994091317 | ||
| 040 | _cGE_BSU | ||
| 041 | _ageo | ||
| 080 | _a39(=35) თ-77 | ||
| 100 |
_aთოფჩიშვილი, როლანდ _94620 |
||
| 245 |
_aკავკასიის ხალხთა ეთნოგრაფია. სალექციო კურსი : _bეთნიკური ისტორია, ეტნიკური კულტურა. სალექციო კურსი / _cროლანდ თოფჩიშვილი ; რედ. ქეთევან ხუციშვილი. |
||
| 264 |
_aთბილისი : _bუნივერსალი, _c2007. |
||
| 300 |
_a397გვ.; _b20 სმ. |
||
| 653 | _aეთნიკური ისტორია | ||
| 653 | _aეტნიკური კულტურა | ||
| 700 |
_aხუციშვილი, ქეთევან _eრედაქტორი _95752 |
||
| 856 |
_uhttp://dspace.nplg.gov.ge/bitstream/1234/4723/1/Kavkaciic%20_xalxta_Etnografia.pdf _yელექტრონული ვერსია, pdf |
||
| 942 |
_cBK _2udc |
||